<?xml version="1.0" encoding="UTF-8"?>
<collection xmlns="http://www.loc.gov/MARC21/slim">
 <record>
  <leader>01802pamaa2200217   4500</leader>
  <controlfield tag="001">0000045230</controlfield>
  <controlfield tag="005">20130117090000.0</controlfield>
  <controlfield tag="008">090604                             eng  </controlfield>
  <datafield tag="020" ind1="0" ind2="0">
   <subfield code="a">9781405177825 (pbk.) </subfield>
  </datafield>
  <datafield tag="090" ind1="0" ind2="0">
   <subfield code="a">HV4757 </subfield>
   <subfield code="b">FUT 2008</subfield>
  </datafield>
  <datafield tag="245" ind1="0" ind2="4">
   <subfield code="a">The future of animal farming : </subfield>
   <subfield code="b">renewing the ancient contract  </subfield>
   <subfield code="c">edited by Marian Stamp Dawkins, Roland Bonney.</subfield>
  </datafield>
  <datafield tag="260" ind1="0" ind2="0">
   <subfield code="a">Malden, MA: </subfield>
   <subfield code="b">Blackwell Pub., </subfield>
   <subfield code="c">2008.</subfield>
  </datafield>
  <datafield tag="300" ind1=" " ind2=" ">
   <subfield code="a">ix, 183 p.: </subfield>
   <subfield code="b">ill.; </subfield>
   <subfield code="c">24 cm.</subfield>
  </datafield>
  <datafield tag="501" ind1="0" ind2="0">
   <subfield code="a">BBIBI</subfield>
  </datafield>
  <datafield tag="504" ind1="0" ind2="0">
   <subfield code="a">Includes bibliographical references (p. [171]-178) and index</subfield>
  </datafield>
  <datafield tag="505" ind1="0" ind2="0">
   <subfield code="a">The future of animal farming / Roland Bonney and Marian Dawkins -- The ethics of agriculture : the end of true husbandry / Bernie Rollin -- Why farm animals matter / Mary Midgley -- The urgency of change : a view from a campaigning organization / Joyce D'Silva -- Environmental ethics and animal welfare : re-forging a necessary alliance / Kate Rawles -- The business of farm animal welfare / Roland Bonney -- What is good welfare and how can we achieve it? / Marian Dawkins -- Animal needs and commercial needs / Ruth Layton -- Hard work and sustained effort required to improve livestock / Temple Grandin -- Bringing about change : a retailer's view  / Michele Waterman -- Animal welfare as a business priority / Keith Kenny -- Providing assurance on welfare / David C. J. Main -- The role of assurance schemes and public pressure / Colin Spedding -- Improving the welfare of cattle : practical experience in Brazil / Mateus J. R. Piranhos de Costa -- Organic farming and animal welfare / Helen Browning  --Enlightened agriculture and the new agrarianism / Colin Tudge</subfield>
  </datafield>
  <datafield tag="650" ind1="0" ind2="0">
   <subfield code="a">Animal welfare </subfield>
  </datafield>
  <datafield tag="650" ind1="0" ind2="0">
   <subfield code="a">Livestock </subfield>
  </datafield>
  <datafield tag="700" ind1="1" ind2="1">
   <subfield code="a">Dawkins, </subfield>
   <subfield code="h">Marian Stamp </subfield>
  </datafield>
  <datafield tag="700" ind1="1" ind2="1">
   <subfield code="a">Bonney, </subfield>
   <subfield code="h">Roland </subfield>
  </datafield>
  <datafield tag="901" ind1=" " ind2=" ">
   <subfield code="u">http://www.blackwellpublishing.com</subfield>
  </datafield>
 </record>
</collection>
